Top 50 Baby Boy Names Beginning With M - Statistics

General Stats
  • This quiz has been taken 1,093 times
  • The average score is 20 of 50
Answer Stats
Hint Answer % Correct
2 Michael
94%
7 Micah
91%
19 Mark
90%
4 Matthew
89%
1 Mason
76%
18 Marcus
74%
24 Martin
73%
11 Max
73%
39 Mack
56%
6 Miles
56%
8 Myles
56%
43 Marvin
54%
3 Mateo
53%
14 Matteo
53%
10 Maxwell
52%
9 Milo
52%
31 Marco
49%
37 Maximilian
49%
49 Morgan
48%
15 Miguel
41%
27 Mario
40%
5 Maverick
40%
26 Manuel
39%
32 Mathias
38%
17 Matias
38%
34 Matthias
38%
47 Mohammad
35%
45 Mohammed
35%
25 Muhammed
35%
29 Marshall
34%
20 Maximus
34%
40 Moises
34%
38 Moses
34%
13 Maddox
30%
23 Malcolm
28%
50 Miller
26%
12 Malachi
23%
22 Malaki
23%
48 Marcel
17%
21 Maximiliano
16%
33 Milan
16%
36 Marcos
15%
30 Malik
14%
28 Major
13%
16 Messiah
13%
46 Marcelo
8%
44 Mauricio
7%
35 Memphis
7%
41 Moshe
4%
42 Makai
2%
No matching quizzes found
Score Distribution
Percent of People with Each Score
Percentile by Number Answered
Your Score History
You have not taken this quiz